Gheorghe Asachi în contratimpul biologic și ideologic

Gheorge Asachi - zakladateľ a reformátor inštitúcií. Význam pôsobenia Gheorge Asachiho vo vzdelávaní v rumunskom jazyku. Pôsobenie v zahraničí, absencia kontaktov s domácou generáciou. Návrat do rodného Moldavska, medzigeneračné rozdiely - vplyv na jeho psychosociálny profil.

Salvato in:
Dettagli Bibliografici
Autore principale: Spiridon, Vasile, 1958-
Natura: Capitolo di libro
Lingua:rumeno
Soggetti:
Tags: Aggiungi Tag
Nessun Tag, puoi essere il primo ad aggiungerne!!

MARC

LEADER 00000naa a2200000 4500
001 0264253
005 20240502083759.3
041 0 |a rum 
044 |a RO 
245 1 0 |a Gheorghe Asachi în contratimpul biologic și ideologic  |c Vasile Spiridon 
520 |a Gheorge Asachi - zakladateľ a reformátor inštitúcií. Význam pôsobenia Gheorge Asachiho vo vzdelávaní v rumunskom jazyku. Pôsobenie v zahraničí, absencia kontaktov s domácou generáciou. Návrat do rodného Moldavska, medzigeneračné rozdiely - vplyv na jeho psychosociálny profil. 
610 2 0 |a vzdelávanie 
610 2 0 |a rumunčina 
610 2 0 |a generácie 
610 2 0 |a história 
100 1 |a Spiridon, Vasile, 1958-